Hodnotová analýza a zdokonaľovanie systému riadenia Seminár so zahraničnými prednášateľmi

Saved in:
Bibliographic Details
Format: Book
Language:Slovak
Published: Bratislava Dom techn. ČSVTS 1988
Edition:1. vyd.
Tags: Add Tag
No Tags, Be the first to tag this record!

MARC

LEADER 00000nam a2200000 4500
001 c028225
005 20221219091623.3
041 0 |a slo 
044 |a SK 
245 1 0 |a Hodnotová analýza a zdokonaľovanie systému riadenia  |b Seminár so zahraničnými prednášateľmi 
250 |a 1. vyd. 
264 1 |a Bratislava  |b Dom techn. ČSVTS  |c 1988 
300 |a 47 s.